LEADER 01232nam 2200409 450 001 9910480382403321 005 20191118065829.0 010 $a1-83867-481-0 010 $a1-83867-479-9 035 $a(CKB)4100000009667678 035 $a(MiAaPQ)EBC5963802 035 $a(EXLCZ)994100000009667678 100 $a20191118d2020 uy 0 101 0 $aeng 135 $aurcnu|||||||| 181 $ctxt$2rdacontent 182 $cc$2rdamedia 183 $acr$2rdacarrier 200 10$aIssues and challenges in the Malaysian economy $etowards inclusive growth /$fMohd Fahmee Ab Hamid [and six others] 210 1$aBingley, United Kingdom :$cEmerald Publishing Limited,$d[2020] 210 4$dİ2020 215 $a1 online resource (153 pages) 225 1 $aEmerald Points 311 $a1-83867-482-9 410 0$aEmerald points. 606 $aEconomic development$zMalaysia 608 $aElectronic books. 615 0$aEconomic development 676 $a338.9595 700 $aHamid$b Mohd Fahmee Ab$0950534 801 0$bMiAaPQ 801 1$bMiAaPQ 801 2$bMiAaPQ 906 $aBOOK 912 $a9910480382403321 996 $aIssues and challenges in the Malaysian economy$92149182 997 $aUNINA